L'Étrange Noël de monsieur Jack - La Complainte de Jack - Statistiques

Statistiques générales
  • Ce quiz a été pris 19 fois
  • Le résultat moyen est 192 sur 239
Statistiques - réponses
Paroles % Correct
a
100%
c'est
100%
de
92%
des
92%
en
92%
et
92%
Et
92%
faire
92%
fait
92%
il
92%
Ils
92%
ils
92%
Je
92%
je
92%
la
92%
le
92%
les
92%
Les
92%
ma
92%
me
92%
moi
92%
Sans
92%
sans
92%
si
92%
sur
92%
Un
92%
au
85%
comme
85%
crane
85%
Dans
85%
du
85%
effort
85%
est
85%
Etre
85%
etre
85%
fais
85%
gloire
85%
Jack
85%
jouer
85%
l'épouvantail
85%
leur
85%
l'on
85%
lune
85%
Mais
85%
meme
85%
mes
85%
moindre
85%
mon
85%
Mon
85%
mort
85%
ne
85%
n'est
85%
ou
85%
panique
85%
pas
85%
peur
85%
plus
85%
Pour
85%
pour
85%
quand
85%
seul
85%
sont
85%
suis
85%
tours
85%
Tous
85%
ans
77%
après
77%
avant
77%
banal
77%
bataille
77%
bien
77%
champ
77%
crient
77%
cris
77%
déprime
77%
emerveillent
77%
fantome
77%
génial
77%
geste
77%
j'aimerais
77%
jour
77%
lasser
77%
l'horreur
77%
m'amuse
77%
m'apercevoir
77%
mauvais
77%
meilleur
77%
m'en
77%
pire
77%
prend
77%
qu'un
77%
sait
77%
sers
77%
s'éveille
77%
surprises
77%
surtout
77%
terreur
77%
triomphe
77%
trouvent
77%
une
77%
vie
77%
aujourd'hui
69%
aussitot
69%
Bouh
69%
but
69%
coeur
69%
corps
69%
couronne
69%
crimes
69%
dérisoires
69%
désespoir
69%
étrange
69%
fracassants
69%
fuir
69%
infernal
69%
J'avoue
69%
kilomètres
69%
l'armée
69%
l'envie
69%
long
69%
Lorsque
69%
lot
69%
mal
69%
oui
69%
Pouvoir
69%
presque
69%
qu'on
69%
reciter
69%
rendre
69%
revenants
69%
revenir
69%
stoique
69%
vieux
69%
vont
69%
cent
62%
commettant
62%
comprendre
62%
d'entrailles
62%
face
62%
génie
62%
l'esprit
62%
l'inconnu
62%
marié
62%
mélancolie
62%
n'veux
62%
os
62%
privé
62%
règne
62%
résonnent
62%
rien
62%
sanglot
62%
savaient
62%
seulement
62%
S'ils
62%
Comment
54%
dit
54%
éclate
54%
entendre
54%
fourbus
54%
languis
54%
neant
54%
pourraient-ils
54%
traine
54%
vingt
54%
n'éprouve
46%
pourrai-je
38%
Aucun quiz correspondant
Distribution des résultats
% des personnes avec chaque résultat
Percentile par nombre de réponses
Votre historique - résultats
Vous n’avez pas pris ce quiz